Využitie virtuálnej reality ako terapeutického nástroja

Gespeichert in:
Bibliographische Detailangaben
1. Verfasser: Gonšenica, Maroš (Verfasst von)
Weitere Verfasser: Kučera, Erik (Betreuung Doktorarbeit)
Format: Manuskript Buch
Sprache:Slowakisch
Veröffentlicht: 2025
Schlagworte:
Online-Zugang:http://is.stuba.sk/zp/portal_zp.pl?podrobnosti=186671
Tags: Tag hinzufügen
Keine Tags, Fügen Sie das erste Tag hinzu!

MARC

LEADER 00000ntm a22000003a 4500
001 stuzp102329
003 SK-STU
005 20250614211143.9
007 ta
008 150427s2015----xo-----f-mn---000-0-slo-d
040 |a STU  |b slo 
041 0 |a slo 
100 1 |a Gonšenica, Maroš  |u 030400  |4 aut  |U FEI Fakulta elektrotechniky a informatiky  |T FEI Ústav automobilovej mechatroniky  |X 111104  |U E400  |Y 642  |7 111104 
242 0 1 |a Using virtual reality as a therapeutic tool  |y eng 
245 1 0 |a Využitie virtuálnej reality ako terapeutického nástroja 
260 |c 2025 
650 4 |a VR application  |2 eng 
650 4 |a exposure therapy  |2 eng 
650 4 |a amaxophobia  |2 eng 
650 4 |a development  |2 eng 
650 4 |a virtual reality  |2 eng 
650 4 |a vývoj  |2 slo 
650 4 |a VR aplikácia  |2 slo 
650 4 |a expozičná terapia  |2 slo 
650 4 |a amaxofóbia  |2 slo 
650 4 |a virtuálna realita  |2 slo 
700 1 |a Kučera, Erik  |u 030400  |k Z1  |4 ths  |U FEI Fakulta elektrotechniky a informatiky  |T FEI Ústav automobilovej mechatroniky  |X 55901  |U E400  |Y 642  |7 A000055901 
856 4 |u http://is.stuba.sk/zp/portal_zp.pl?podrobnosti=186671